000 00817nam a2200265Ia 4500
003 OSt
005 20220923214349.0
006 a|||||r|||| 00| 0
007 ta
008 220922b |||||||| |||| 00| 0 hin d
024 _a169,173
037 _cTextual
040 _aARTS
_cARTS
_bhin
041 _2hin
_ahin
082 _aO152,1M86,36, J7;L3
100 _aगुप्त, मैथिलीशरण
245 0 _aनाहुष
246 _aNāhuṣha
250 _aसंस्क0 18
260 _aचिरगांव
_b साहित्य सदन
_c1973
300 _a56पृ.
_ccm.
650 _aहिन्दी साहित्य
_9156264
942 _hO152,1M86,36, J7;L3
_cTEXL
_2CC
999 _c323629
_d323629